000 01443nam a22003857a 4500
003 OSt
005 20220922092845.0
008 210225b 2020 dr ac 00| 0 eng d
020 _a9789945423464
040 _aDO-SdBNP
_bspa
_cBNPHU
082 4 _aRD860.5
_bT147L
_222
111 _aTaller Literario Mariano Lebrón Saviñón
_n(2 :
_d2020
_cSanto Domingo)
_978830
245 0 0 _aLos pactos secretos :
_bantología II del Taller Literario Mariano Lebrón Saviñón /
_cAna Zaudit Muñoz ... [et al.] ; prólogo Nan Chevalier ; presentación Franklyn Holguín Haché.
260 _aSanto Domingo :
_bUniversidad APEC,
_c2020
300 _a148 p. :
_bil., retrs. ;
_c23 cm.
590 _aInventariado, 2020/MFF
650 _aLiteratura dominicana
_978831
650 4 _aTalleres literarios
_978832
700 1 _aChevalier, Nan,
_d1965-
_eprólogo
_9350
700 1 _aHolguín Haché, Franklyn,
_epresentación
_977928
700 1 _aMuñoz, Ana Zaudit
_977929
700 1 _a Martínez, Ángelo
_978340
700 1 _aMuñoz, Carlos
_978341
700 1 _aRichard, Denisse
_978342
700 1 _aLuis, Fabio
_978343
700 1 _aSang, Julio
_978344
700 1 _aPaulino S., Laura
_978345
700 1 _aPaulino-Sant, Melissa
_978346
700 1 _aAndújar, Meredith
_978347
700 1 _aTatis, Migsael
_978348
700 1 _aMinyety, Rosandi
_978349
700 1 _aSinny
_978350
700 1 _aDios M., Yeimy de
_978351
942 _2ddc
_cLBS1
999 _c49454
_d49454